00441nam a22001457a 450000500170000001000170001702000260003403500170006003700260007708200110010324500940011426000280020827000320023630000270026820120614111217.0 aB-446112-117 a9780415231268c295.00 aB-446112-117 adplbAllied Pub / ven a370.92 aFifty Great Thinkers on Education ;bfrom confucius to dewey /c edited by Joy A. Palmer aLondonbRoutledgec2011 a11 New fetter Lane bLondon axiii,248pgsc20cm(pbk)